Sử dụng - bảo trì lốp và bánh xích

Guardat en:
Dades bibliogràfiques
Format: Llibre
Idioma:Undetermined
Publicat: Hà Nội Giao thông vận tải 2004
Matèries:
Etiquetes: Afegir etiqueta
Sense etiquetes, Sigues el primer a etiquetar aquest registre!
Thư viện lưu trữ: Trung tâm Học liệu Trường Đại học Cần Thơ
LEADER 00536nam a2200181Ia 4500
001 CTU_74725
008 210402s9999 xx 000 0 und d
020 |b 21000 
082 |a 624.248 
082 |b S550 
245 0 |a Sử dụng - bảo trì lốp và bánh xích 
245 0 |c Chung Thế Quang ... [et al.] 
260 |a Hà Nội 
260 |b Giao thông vận tải 
260 |c 2004 
650 |a Mechanical engineering,Whells 
904 |i Tuyến 
980 |a Trung tâm Học liệu Trường Đại học Cần Thơ